| 000 | 01775nam0a2200337 4500 | ||
|---|---|---|---|
| 001 | RU\NLR\BIBL_A\022614311 | ||
| 005 | 20260420052857.0 | ||
| 010 |
_a978-5-4497-4342-8 _9500 |
||
| 021 |
_aRU _bКН-П-25-040065 _9КН-П-25-3902 |
||
| 035 | _a(NLR Aleph) 022614311 | ||
| 090 |
_a13683654 _c13683654 |
||
| 100 | _a20250903d2025 u y0rusy50 ca | ||
| 101 | 0 | _arus | |
| 102 | _aRU | ||
| 105 | _aa j 000yy | ||
| 181 | 0 |
_ai _baxxe |
|
| 182 | 0 | _an | |
| 200 | 1 |
_aИнженерная и компьютерная графика: КОМПАС-3D V18 _eучебное пособие для СПО _eдля студентов всех профессий и специальностей среднего профессионального образования _fЛ. Я. Мефодьева _gСибирский государственный университет телекоммуникаций и информатики |
|
| 203 |
_aТекст _bвизуальный _cнепосредственный |
||
| 205 | _a2-е изд. | ||
| 210 |
_aСаратов _cПрофобразование _d2025 |
||
| 215 |
_a186 с. _cил., цв. ил. _d22 |
||
| 225 | 1 | _aСреднее профессиональное образование | |
| 320 | _aБиблиогр.: с. 158 (5 назв.) | ||
| 606 | 1 |
_aКОМПАС-3D V18, система автоматизированного проектирования _jУчебные издания для среднего профессионального образования _92435897 _3RU\NLR\AUTH\6601667562 |
|
| 686 | 1 | _aЖ2-5-05я723-1 | |
| 700 | 1 |
_aМефодьева _bЛ. Я. _gЛариса Яковлевна |
|
| 942 | _cBOOK | ||
| 980 | _aNB | ||